000 00808nam a22002537a 4500
003 dpl
005 20180622121210.0
008 180622b xxu||||| |||| 00| 0 eng d
010 _aB-010041
020 _c00.00
035 _aB-010041, B-010045
037 _bCen Lib/Ret
040 _aDPL
_bEN
_c0
082 _a658
_bCHA
245 _aManagement in government and public sector /
_cedited by N. K. Chakrabarti
260 _aNew Delhi
_bVikas Publishing House
_c1999
270 _bNew Delhi
_a576, Masjid Road, Jangpura
_e110014
300 _axi,198p.
_c21cm(Hb)
500 _aIncludes index
650 _aRailroads -- India -- Management
_926005
650 _aRailroads -- Corrupt practices -- India
_926006
700 _aChakrabarti, N. K.
_926007
942 _2ddc
_cEN
_h658
_mCHA
999 _c129319
_d129319